IQ scores by Country - Statistics

General Stats
  • This quiz has been taken 525 times
    148 since last reset
  • The average score is 9 of 13
Answer Stats
Hint Answer % Correct
Asia (104) China
98%
Asia (106) Japan
97%
North American (101) Canada
86%
Asia (103) South Korea
86%
Europe (100) Germany
85%
Asia (106) Singapore
74%
Asia (106) Taiwan
71%
Europe (100) Switzerland
69%
Europe (101) Netherlands
67%
Europe (101) Finland
65%
Europe (100) Luxembourg
53%
Asia (100) North Korea
50%
Europe (100) Estonia
34%
No matching quizzes found
Score Distribution
Percent of People with Each Score
Percentile by Number Answered
Your Score History
You have not taken this quiz since the last reset